Responses for Show #8193 - Wednesday, April 1, 2020

Contestants

[<< previous game]

Kami Narayan, an educational advocate from St. Louis, Missouri

Hemant Mehta, a blogger from Naperville, Illinois

Leanne Gonzalez-Singer, a legal secretary from New York, New York (whose 1-day cash winnings total $22,500)

[next game >>]

Jeopardy! Round responses

FBI QUANTICO
GOING PRONOUN
NATIONS IN THE NATIVE TONGUE
(Alex: You name the country for us.)
POTENT POTABLE ANALOGIES
DREAM BOATS
(Alex: We'll give you the ship; you give us the literary work it appears in.)
HUGH JACKMAN
    $200 15
slalom

Kami
    $200 18
Who

Hemant
    $200 5
Ireland

Hemant
    $200 6
a lager

Kami
    $200 9
Jaws

Triple Stumper
    $200 10
Jean Valjean

Leanne
    $400 23
super glue

Leanne
    $400 19
us

Hemant
    $400 1
China

Leanne
    $400 7
cherry

Kami
    $400 24
The Princess Bride

Leanne
    $400 11
Australia

Triple Stumper
    $600 27
a Tommy gun

Leanne
    $600 20
a possessive

Leanne
    $600 2
Hungary

Leanne
    $600 8
an onion

Hemant
    $600 25
Treasure Island

Triple Stumper
    $600 12
(P.T.) Barnum

Leanne
    $800 28
(Kami: Who is the "Shoe Bomber"?)

the "Underwear Bomber"

Kami
Triple Stumper
    $800 21
few

Hemant
    $800 3
Austria

Kami
    $800 17
Bordeaux

Triple Stumper
    $1,500 26
(Leanne: What is Amistad?)

Ben-Hur

Leanne
    $800 13
Van Helsing

Leanne
    $1000 29
John Dillinger

Kami
    $1000 22
thou

Triple Stumper
    $1000 4
Estonia

Leanne
    $1000 16
(Kami: Uh, what is Japan?)

Korea

Kami
Triple Stumper
    $1000 30
(Leanne: [Exhales deeply] What is The Faerie Queene?)

the Heart of Darkness

Leanne
Triple Stumper
    $1000 14
Blackbeard

Kami

Scores at the first commercial break (after clue 15):

Leanne Hemant Kami
$3,600 $800 $2,600

Scores at the end of the Jeopardy! Round:

Leanne Hemant Kami
$3,100 $2,200 $1,800

Double Jeopardy! Round responses

PLANETARY SCIENCE
WE'RE ON A CRUSADE
GIFTS FOR ANIMAL LOVERS
RECENT PLAYS FROM REAL LIFE
AMERICAN WOMEN
CROSSWORD CLUES "J"
    $400 19
a day

Hemant
    $400 22
(Alex: With less than a minute to go.)

Constantinople

Hemant
    $400 15
a DNA testing service

Leanne
    $400 7
D-Day

Hemant
    $400 1
tennis

Triple Stumper
    $400 3
juvenile

Hemant
    $800 16
Racing in the Rain

Kami
    $800 12
Gloria Steinem

Leanne
    $800 2
Social Security

Hemant
    $800 4
Jason

Leanne
    $1200 24
gas

Kami
    $1200 14
L.L. Bean

Hemant
    $2,500 13
Joan of Arc

Leanne
    $1200 9
a space walk

Kami
    $1200 5
jaguar

Hemant
    $1600 23
geosynchronous

Triple Stumper
    $1600 26
[The end-of-round signal sounds.]

Frederick Barbarossa

Leanne
    $1600 17
the Rainbow Bridge

Leanne
    $1600 20
Kirsten Gillibrand

Leanne
    $1600 11
oil

Hemant
    $1600 6
jugular

Hemant
    $2000 25
(Kami: What is the Knights Templar?)

the Teutonic Knights

Kami
Triple Stumper
    $2000 18
Swarovski

Triple Stumper
    $2000 21
kleptocracy

Hemant
    $2000 10
smallpox

Leanne
    $2000 8
(Kami: What is, uh, Jacobean?)

a Jacobite

HemantKami

Scores at the end of the Double Jeopardy! Round:

Leanne Hemant Kami
$14,400 $14,200 $1,000

[wagering suggestions for these scores]

Final Jeopardy! Round responses

CANADIAN GEOGRAPHY
KamiWhat are Alberta and Saskatchewan
$1,000
HemantWhat are Newfoundland and Labrador
$201
LeanneWhat are Alberta & Saskatchewan
$14,300
Saskatchewan & Manitoba

Final scores:

Leanne Hemant Kami
$100 $13,999 $0
2nd place: $2,000 New champion: $13,999 3rd place: $1,000

Game dynamics:

Coryat scores:

Leanne Hemant Kami
$14,600 $14,200 $1,000
18 R
(including 1 DD),
2 W
(including 1 DD)
16 R,
0 W
9 R,
4 W

Combined Coryat: $29,800

[game clues] [game scores] [suggest correction]

Game tape date: 2020-01-29
The J! Archive is created by fans, for fans. Scraping, republication, monetization, and malicious use prohibited; this site may use cookies and collect identifying information. See terms. The Jeopardy! game show and all elements thereof, including but not limited to copyright and trademark thereto, are the property of Jeopardy Productions, Inc. and are protected under law. This website is not affiliated with, sponsored by, or operated by Jeopardy Productions, Inc. Join the discussion at JBoard.tv.